000
00209 a2200097 4500
020
_a
9789353905613
100
_a
Group of authors
245
_a
Bheethi(ഭീതി)
260
_b
D C books
_c
2020
942
_c
OO
999
_c
115307
_d
115306